Chiffres dans un jeu de fléchettes ou pas ? - Statistiques

Statistiques générales
  • Ce quiz a été pris 256 fois
    239 depuis la dernière actualisation
  • Le résultat moyen est 17 sur 20
Answers on the Grid
Answers color-coded by a green-red scale on the quiz's grid according to % correct below.
6
421
13
3
15
9
20
324
1
0
18
10
102
4
2
17
19
12
7
5
16
8
11
14
 
Statistiques - réponses
Réponse % Correct
6
97%
1
91%
15
89%
3
88%
9
88%
10
86%
20
86%
13
85%
18
85%
2
85%
4
85%
12
84%
14
84%
16
84%
19
84%
5
84%
8
84%
11
83%
17
83%
7
83%
Aucun quiz correspondant
Distribution des résultats
% des personnes avec chaque résultat
Percentile par nombre de réponses
Votre historique - résultats
Vous n’avez pas pris ce quiz depuis la dernière actualisation